LEADER 02285oam 2200577Ia 450 001 9910782752803321 005 20190503073346.0 010 $a0-262-26205-3 010 $a0-262-26765-9 010 $a1-4356-9406-6 035 $a(CKB)1000000000705954 035 $a(SSID)ssj0000137888 035 $a(PQKBManifestationID)11148243 035 $a(PQKBTitleCode)TC0000137888 035 $a(PQKBWorkID)10096131 035 $a(PQKB)10568743 035 $a(StDuBDS)EDZ0000130743 035 $a(MiAaPQ)EBC3338959 035 $a(OCoLC)300205409$z(OCoLC)646770514$z(OCoLC)764504303$z(OCoLC)768693417$z(OCoLC)770818767$z(OCoLC)961486689$z(OCoLC)962567701$z(OCoLC)988486160$z(OCoLC)991911853$z(OCoLC)991923023$z(OCoLC)1037905635$z(OCoLC)1038579743$z(OCoLC)1045495505$z(OCoLC)1055336431$z(OCoLC)1058061203$z(OCoLC)1066533744$z(OCoLC)1081208416 035 $a(OCoLC-P)300205409 035 $a(MaCbMITP)8007 035 $a(Au-PeEL)EBL3338959 035 $a(CaPaEBR)ebr10256727 035 $a(OCoLC)300205409 035 $a(EXLCZ)991000000000705954 100 $a20090129d2008 uy 0 101 0 $aeng 135 $aur||||||||||| 181 $ctxt 182 $cc 183 $acr 200 14$aThe development and testing of Heckscher-Ohlin trade models $ea review /$fRobert E. Baldwin 210 $aCambridge, Mass. $cMIT Press$dİ2008 215 $a1 online resource (xi, 227 p.) $cill 225 1 $aThe Ohlin lectures 300 $aBibliographic Level Mode of Issuance: Monograph 311 $a0-262-02656-2 320 $aIncludes bibliographical references (p. [203]-216) and index. 330 8 $aRobert E. Baldwin presents a review of the theoretical twists and turns in the development of the Heckscher-Ohlin model and an empirical assessment of the basic model and three related theorems. 410 0$aOhlin lectures. 606 $aInternational trade$xEconometric models 610 $aECONOMICS/Trade & Development 615 0$aInternational trade$xEconometric models. 676 $a382.01/5195 700 $aBaldwin$b Robert E$0121531 801 0$bOCoLC-P 801 1$bOCoLC-P 906 $aBOOK 912 $a9910782752803321 996 $aThe development and testing of Heckscher-Ohlin trade models$93791658 997 $aUNINA LEADER 04413nam 22009015 450 001 9910956617503321 005 20240801035718.0 010 $a9781137414328 010 $a1137414324 024 7 $a10.1057/9781137414328 035 $a(CKB)2670000000567296 035 $a(EBL)1765655 035 $a(SSID)ssj0001657103 035 $a(PQKBManifestationID)16439813 035 $a(PQKBTitleCode)TC0001657103 035 $a(PQKBWorkID)14989495 035 $a(PQKB)10241196 035 $a(SSID)ssj0001287886 035 $a(PQKBManifestationID)12541646 035 $a(PQKBTitleCode)TC0001287886 035 $a(PQKBWorkID)11291781 035 $a(PQKB)11583309 035 $a(MiAaPQ)EBC1765655 035 $a(DE-He213)978-1-137-41432-8 035 $a(Perlego)3490287 035 $a(EXLCZ)992670000000567296 100 $a20151208d2014 u| 0 101 0 $aeng 135 $aur|n|---||||| 181 $ctxt 182 $cc 183 $acr 200 10$aBecoming an African Diaspora in Australia $eLanguage, Culture, Identity /$fby F. Ndhlovu 205 $a1st ed. 2014. 210 1$aLondon :$cPalgrave Macmillan UK :$cImprint: Palgrave Macmillan,$d2014. 215 $a1 online resource (241 p.) 300 $aDescription based upon print version of record. 311 08$a9781349490226 311 08$a1349490229 311 08$a9781137414311 311 08$a1137414316 320 $aIncludes bibliographical references and index. 327 $aCover; Half-Title; Title; Copyrihgt; Dedication; Contets; List of Illustrations; Preface; Acknowledgements; List of Abbreviations and Acronyms; 1 Introduction and Conceptual Issues; 2 Language and Identity in Australian Immigration Policy; 3 Language(s) and Nationality: Prime Markers of Diaspora Identities?; 4 Belonging and Attitudes Towards Migrant Heritage Languages; 5 Too Tall, Too Dark to Be Australian; 6 Being and Becoming Australian; 7 Language Practices in Regional Settings - The Language Nesting Model; 8 Conclusion: Alternative Imaginings of Diasporas - Insights from Decoloniality 327 $aAppendicesNotes; References; Index 330 $aBecoming an African Diaspora in Australia extends debates on identities, cultures and notions of race and racism into new directions as it analyses the forms of interactional identities of African migrants in Australia. It de-naturalises the commonplace assumptions and imaginations about the cultures and identities of African diaspora communities, and probes the relevance and usefulness of identity markers such as country of origin, nationality, ethnicity, ethnic/heritage language and mother tongue. Current cultural frames of identity representation have so far failed to capture the complexities of everyday lived experiences of transnational individuals and groups. Therefore by drawing on fresh concepts and recent empirical evidence, this book invites the reader to revisit and rethink the vocabularies that we use to look at identity categories such as race, culture, language, ethnicity, nationality, and citizenship, and introduces a new language nesting model of diaspora identity. This book will be of great interest to all students of migration, diaspora, African and Australian studies. 606 $aAfrican literature 606 $aAfrican languages 606 $aSociolinguistics 606 $aApplied linguistics 606 $aEthnology$zAfrica 606 $aCulture 606 $aRace 606 $aAfrican Literature 606 $aAfrican Languages 606 $aSociolinguistics 606 $aApplied Linguistics 606 $aAfrican Culture 606 $aRace and Ethnicity Studies 615 0$aAfrican literature. 615 0$aAfrican languages. 615 0$aSociolinguistics. 615 0$aApplied linguistics. 615 0$aEthnology 615 0$aCulture. 615 0$aRace. 615 14$aAfrican Literature. 615 24$aAfrican Languages. 615 24$aSociolinguistics. 615 24$aApplied Linguistics. 615 24$aAfrican Culture. 615 24$aRace and Ethnicity Studies. 676 $a305.896/094 686 $aLAN009050$aSOC007000$aSOC056000$2bisacsh 700 $aNdhlovu$b F$4aut$4http://id.loc.gov/vocabulary/relators/aut$01790959 906 $aBOOK 912 $a9910956617503321 996 $aBecoming an African Diaspora in Australia$94327806 997 $aUNINA